000 00572cam a22002054a 4500
005 20250605164245.0
008 250528s ||||||||||||||||||||||||d
035 _a21451
040 _aGR-AtMCL
_bgre
_dGR-AtMCL
_eAACR2
245 1 _aNEW HEADWAY UPPER-INTERMEDIATE (SET OF 2)
250 _a1
260 _bOxford University Press,
_c2005
505 0 _aINCLUDES: STUDENT'S BOOK, TEACHER'S BOOK
520 _aINCLUDES: STUDENT'S BOOK, TEACHER'S BOOK
700 1 _aSoars John
_97487
700 1 _aSoars Liz
_97488
942 _cBK
999 _c6513
_d6513